Statystyki dla Familia Fafafela top 50 użytkowników pod wzg. levela (ALL TIME)

Kliknij tutaj aby rozwiązać quiz!

Ogólne statystyki

  • Ten quiz został rozwiązany 22 razy
  • Średni wynik to 12 z 50

Statystyki odpowiedzi

HintOdpowiedź% Poprawnych
2Bobuś
78%
1Wujek
72%
4Koteł
67%
3Polarny
67%
6Lechicjan
50%
8BaL
44%
5Zeco
44%
27kARNO
39%
33Ninja
39%
17Prezeska
39%
15Kinder
33%
18Sromasia
33%
35Czerwony
28%
21Kebabiarz
28%
46Wronelik
28%
13Alvin
22%
39DjGalaretka
22%
22Emerson
22%
12Koniczynka
22%
38Nfedez
22%
48Niwim
22%
16Oliver
22%
10PaBLO
22%
43Pogoniak
22%
44Winny
22%
9Fudthe
17%
45Gdfsa
17%
31Kudi
17%
19Maper
17%
37MrPizza
17%
14Nkdmz
17%
7Quesco
17%
49Rawicjusz
17%
30Darkit
11%
42Filipex
11%
34Janek
11%
26Lukk
11%
29Majkel
11%
25Pjotercio
11%
24Repulser
11%
20Aveers
6%
50Fitassins
6%
47Mixu
6%
28Polandwave
6%
40Prawnik
6%
23Rambo
6%
32Roises
6%
11Wojterex
6%
41Jullovsky
0%
36jwarchulskk
0%

Rozkład punktacji

Percentyl według liczby udzielonych odpowiedzi

Procent ludzi z każdym wynikiem

Twoja historia wyników

Nie rozwiązałeś tego quizu